| 000 | 00918nam a22003017a 4500 | ||
|---|---|---|---|
| 001 | BR8105449 | ||
| 003 | BR-BrBNA | ||
| 005 | 20230928091036.0 | ||
| 007 | ta | ||
| 008 | 230509b bl.||||| |||| 00| 0 por d | ||
| 040 |
_aBR-BrBNA _bpor _cBiblioteca Nacional de Agricultura |
||
| 041 | _a(Por) | ||
| 072 |
_aQ10; S10 _b9400 |
||
| 090 | _ 9400 BR8105449 | ||
| 100 | 1 | _aSilva, G.F. da | |
| 110 | 1 |
_aEscola Media de Agropecuaria da Regiao Cacaueira, Itapetinga, BA (Brasil) _94320 |
|
| 111 | 1 |
_a1. Encontro de Agricultores e Pecuaristas _cItapetinga, BA (Brazil) _d3 Aug 1981 |
|
| 245 | 1 | _aLaticinios [composicao de alimento, higiene de alimento] | |
| 260 | 3 |
_aItapetinga, BA (Brasil): _c1981. |
|
| 300 | _a8 p. | ||
| 650 | _aLATICINIO | ||
| 650 | _aLEITE | ||
| 650 | _aHIGIENE DE ALIMENTO | ||
| 650 | _aORDENHA | ||
| 650 | _aCOMPOSICAO DE ALIMENTO | ||
| 909 |
_a202309 _bLucia _c55 _dLucia Elande |
||
| 942 | _cBK | ||
| 999 |
_c31910 _d31910 |
||